00467nam a22001577a 4500020001800000040000900018082001500027100002300042110002700065245002300092260003700115650002000152942001200172999001900184952010600203 a9780142417416 cNUST a823-CH DAH aDahl, Roald 97692 a Blake, Quentin981943 aBoy and Going Solo a New York:bPuffin Books,c2010. aEnglish Fiction 2ddccBK c593639d593639 00102ddc4070aCEMEbCEMEcGENd2023-03-13l0o823-CH DAHpCEME-50352 Ar2023-03-13w2023-03-13yBK